000 00606nam a22002417a 4500
003 UA-OsUOA
001 48514
007 ta
008 20070907b un ||||| |||| 00| 0 ukr d
100 _aПомян К.
090 _a94(4)
_bП55
942 _cBK
040 _aUA-OsUOA
_bukr
_cUA-OsUOA
_dUA-OsUOA
245 _aЄвропа та її нації
300 _a169 с.
955 _a2
041 _aukr
080 _a94(4)
020 _a5-7745-1009-3
260 _aЛьвів
_bКаменяр
_c2003
650 7 _a9 Географія. Біографії. Історія
_2UDC
999 _c334615
_d334615